London second most expensive city (Record no. 117534)
[ view plain ]
| 000 -LEADER | |
|---|---|
| fixed length control field | 01011cam a2200217 4500 |
| 001 - CONTROL NUMBER | |
| control field | WB4023-14 |
| 008 - FIXED-LENGTH DATA ELEMENTS--GENERAL INFORMATION | |
| fixed length control field | 040617n2004 000 0 eng u |
| 035 ## - SYSTEM CONTROL NUMBER | |
| System control number | (Sirsi) u126499 |
| 245 ## - TITLE STATEMENT | |
| Title | London second most expensive city |
| 260 ## - PUBLICATION, DISTRIBUTION, ETC. | |
| Date of publication, distribution, etc. | 2004 |
| 490 ## - SERIES STATEMENT | |
| Series statement | Mercer Human Resources Press Release |
| Volume/sequential designation | 9 June 2004 (2) |
| 520 ## - SUMMARY, ETC. | |
| Summary, etc. | London is now the second most expensive city behind Tokyo, according to the latest cost of living survey by Mercer Human Resource Consulting. High accommodation and transport costs have pushed London up five places from last year. Moscow is now third with Asuncion, Paraguay, the cheapest. The survey covers 144 cities and measures the comparative cost of over 200 items in each location, including housing and transportation. http://www.mercerhr.com/pressrelease/details.jhtml /dynamic/idContent/1142150 |
| 590 ## - LOCAL NOTE (RLIN) | |
| Local note | WB |
| 590 ## - LOCAL NOTE (RLIN) | |
| Local note | WB |
| 650 ## - SUBJECT ADDED ENTRY--TOPICAL TERM | |
| Topical term or geographic name entry element | LONDON |
| 650 ## - SUBJECT ADDED ENTRY--TOPICAL TERM | |
| Topical term or geographic name entry element | TOKYO |
| 650 ## - SUBJECT ADDED ENTRY--TOPICAL TERM | |
| Topical term or geographic name entry element | MOSCOW |
| 650 ## - SUBJECT ADDED ENTRY--TOPICAL TERM | |
| Topical term or geographic name entry element | COST OF LIVING |
| 690 ## - LOCAL SUBJECT ADDED ENTRY--TOPICAL TERM (OCLC, RLIN) | |
| Topical term or geographic name as entry element | INTERNATIONAL |
| 942 ## - ADDED ENTRY ELEMENTS (KOHA) | |
| Suppress in OPAC | 0 |
| Withdrawn status | Lost status | Source of classification or shelving scheme | Damaged status | Not for loan | Home library | Current library | Shelving location | Date acquired | Total Checkouts | Full call number | Barcode | Date last seen | Copy number | Price effective from | Koha item type |
|---|---|---|---|---|---|---|---|---|---|---|---|---|---|---|---|
| Dewey Decimal Classification | London | London | News article | 17/06/2004 | WB4023-14 | 126499-1001 | 06/08/2019 | 1 | 06/08/2019 | News article |